[Event "DEM U16w 2008"]
[Site "Willingen GER"]
[Date "2008.05.14"]
[Round "6"]
[White "Hohmann, Louisa"]
[Black "Kinzel, Tiffany"]
[Result "1-0"]
[Termination "normal"]
[Board "10"]
[WhiteElo "1751"]
[BlackElo "1659"]
[PlyCount "85"]
[BlackFideId "4633741"]
[EventCountry "GER"]
[EventRounds "9"]
[EventType "swiss"]
[EventDate "2008.05.10"]

1. e4 c5 2. Nf3 d6 3. d4 cxd4 4. Nxd4 Nf6 5. Nc3 a6 6. Be3 e5 7. Nb3 Be6 8. f3
Nbd7 9. Qd2 Be7 10. g4 b5 11. a4 b4 12. Nd5 Bxd5 13. exd5 a5 14. Bb5 O-O 15.
Bc6 Rc8 16. g5 Nh5 17. Bxd7 Qxd7 18. Nxa5 Qf5 19. Nc6 Rfe8 20. O-O-O Qxf3 21.
Rhf1 Qe4 22. Rde1 Qc4 23. b3 Qa6 24. Qxb4 Rxc6 25. dxc6 Qxc6 26. Qg4 g6 27. Qf3
Qxf3 28. Rxf3 d5 29. Ref1 d4 30. Bd2 Nf4 31. h4 Bd6 32. Bxf4 exf4 33. Rxf4
Bxf4+ 34. Rxf4 Rd8 35. Kd2 Kf8 36. Kd3 Ke7 37. Re4+ Kf8 38. Rxd4 Re8 39. b4 Re1
40. b5 Rb1 41. Kc3 Ke7 42. Rb4 Ra1 43. b6 1-0

[Event "DEM U16w 2008"]
[Site "Willingen GER"]
[Date "2008.05.14"]
[Round "6"]
[White "Velina, Valeria"]
[Black "Blübaum, Johanna"]
[Result "0-1"]
[Termination "normal"]
[Board "11"]
[WhiteElo "1565"]
[BlackElo "1868"]
[PlyCount "92"]
[WhiteFideId "24677345"]
[BlackFideId "24647373"]
[EventCountry "GER"]
[EventRounds "9"]
[EventType "swiss"]
[EventDate "2008.05.10"]

1. e4 e6 2. d4 d5 3. exd5 exd5 4. Bd3 Nf6 5. Nf3 Bg4 6. Bg5 Nbd7 7. Nbd2 Be7 8.
O-O c6 9. c3 O-O 10. Qc2 h6 11. Bxf6 Bxf6 12. h3 Be6 13. Rfe1 Re8 14. Re2 Qc7
15. Rae1 Re7 16. Bf5 Rae8 17. Bxe6 Rxe6 18. Rxe6 Rxe6 19. Rxe6 fxe6 20. h4 Qf4
21. g3 Qd6 22. Nf1 e5 23. dxe5 Nxe5 24. Nxe5 Qxe5 25. Ne3 Qe6 26. Qf5 Kf7 27.
Qxe6+ Kxe6 28. Kf1 d4 29. cxd4 Bxd4 30. b3 Bxe3 31. fxe3 Kf5 32. Kf2 Ke4 33.
Ke2 h5 34. Kf2 c5 35. a3 b6 36. Ke2 a6 37. Kd2 b5 38. a4 Kf3 39. Kd3 Kxg3 40.
Ke4 Kxh4 41. Kd5 c4 42. bxc4 bxc4 43. Kxc4 Kg5 44. e4 h4 45. e5 h3 46. e6 Kf6
0-1

[Event "DEM U16w 2008"]
[Site "Willingen GER"]
[Date "2008.05.14"]
[Round "6"]
[White "Sonnhalter, Stella"]
[Black "Micklich, Rahel"]
[Result "1/2-1/2"]
[Termination "normal"]
[Board "12"]
[WhiteElo "1530"]
[BlackElo "1786"]
[PlyCount "46"]
[WhiteFideId "4624815"]
[BlackFideId "24639184"]
[EventCountry "GER"]
[EventRounds "9"]
[EventType "swiss"]
[EventDate "2008.05.10"]

1. e4 c5 2. Nf3 d6 3. d4 cxd4 4. Nxd4 Nf6 5. Nc3 a6 6. Qf3 e6 7. g4 h6 8. Be3
e5 9. Nb3 Bxg4 10. Qg3 Be6 11. Nd2 b5 12. f4 Nh5 13. Qf3 Nxf4 14. Bxf4 exf4 15.
Qxf4 Be7 16. O-O-O Bg5 17. Qf3 Qa5 18. h4 Be7 19. Nb3 Qc7 20. Nd5 Bxd5 21. Rxd5
O-O 22. Qg3 Rc8 23. Bd3 Nc6 1/2-1/2

[Event "DEM U16w 2008"]
[Site "Willingen GER"]
[Date "2008.05.14"]
[Round "6"]
[White "Schöbel, Ulrike"]
[Black "Rolfs, Rebecca"]
[Result "1-0"]
[Termination "normal"]
[Board "13"]
[WhiteElo "1258"]
[BlackElo "1215"]
[PlyCount "75"]
[BlackFideId "24658219"]
[EventCountry "GER"]
[EventRounds "9"]
[EventType "swiss"]
[EventDate "2008.05.10"]

1. d4 Nf6 2. Bf4 c5 3. c3 cxd4 4. cxd4 d5 5. e3 Bf5 6. Nf3 g6 7. Nbd2 Bg7 8.
Bb5+ Nbd7 9. O-O O-O 10. Rc1 Rc8 11. Qb3 a6 12. Bd3 Bxd3 13. Qxd3 e6 14. h3
Rxc1 15. Rxc1 Re8 16. Rc3 b5 17. Qc2 b4 18. Rc7 a5 19. Ne5 Nxe5 20. Bxe5 Nd7
21. Bg3 f6 22. Qc6 Nb8 23. Qb7 Bf8 24. Rxh7 Be7 25. Rxe7 Rxe7 26. Qxb8 Qxb8 27.
Bxb8 e5 28. dxe5 fxe5 29. Kf1 a4 30. Bd6 Rb7 31. Bxe5 a3 32. bxa3 bxa3 33. Nb3
Rb6 34. Ke2 Rc6 35. Kd3 Kf7 36. h4 Ke6 37. f4 Kf5 38. Nd4+ 1-0

[Event "DEM U16w 2008"]
[Site "Willingen GER"]
[Date "2008.05.15"]
[Round "7"]
[White "Penne, Bo"]
[Black "Bochis, Julia"]
[Result "1-0"]
[Termination "normal"]
[Board "1"]
[WhiteElo "1854"]
[BlackElo "1916"]
[PlyCount "91"]
[WhiteFideId "24642193"]
[BlackFideId "24647276"]
[EventCountry "GER"]
[EventRounds "9"]
[EventType "swiss"]
[EventDate "2008.05.10"]

1. e4 c5 2. Nf3 Nc6 3. d4 cxd4 4. Nxd4 e5 5. Nb5 d6 6. N1c3 a6 7. Na3 b5 8. Nd5
Nce7 9. c4 Nxd5 10. cxd5 Qh4 11. Qc2 Bd7 12. g3 Qh5 13. Bg2 Rc8 14. Qb3 f5 15.
Nc2 fxe4 16. Bxe4 Nf6 17. Bf3 Qf5 18. Nb4 a5 19. Nc6 a4 20. Qd3 Nxd5 21. Bxd5
Bxc6 22. Bxc6+ Rxc6 23. Qe2 Be7 24. O-O Rb6 25. Be3 Rb8 26. b3 d5 27. bxa4 bxa4
28. Qd1 Qe4 29. Ba7 Ra8 30. Re1 Qc4 31. Qh5+ Kf8 32. Qf5+ Bf6 33. Rac1 Qa6 34.
Bc5+ Ke8 35. Bd4 g6 36. Qf3 Qd6 37. Bxe5 Bxe5 38. Qf4 Kd7 39. Rxe5 Rhf8 40.
Qg4+ Kd8 41. Re6 Qa3 42. Rcc6 Rf5 43. Qd4 Rb8 44. Rcd6+ Kc8 45. Qh8+ Kb7 46.
Qg7+ 1-0

[Event "DEM U16w 2008"]
[Site "Willingen GER"]
[Date "2008.05.15"]
[Round "7"]
[White "Voss, Chantal"]
[Black "Endress, Anna"]
[Result "0-1"]
[Termination "normal"]
[Board "2"]
[WhiteElo "1951"]
[BlackElo "2038"]
[PlyCount "92"]
[WhiteFideId "4664906"]
[BlackFideId "24629472"]
[EventCountry "GER"]
[EventRounds "9"]
[EventType "swiss"]
[EventDate "2008.05.10"]

1. d4 d5 2. c4 e6 3. Nc3 Nf6 4. cxd5 exd5 5. Bg5 Be7 6. Qc2 c6 7. e3 Nbd7 8.
Bd3 O-O 9. Nf3 Re8 10. h3 Nf8 11. g4 Ne4 12. Bxe7 Qxe7 13. O-O-O f5 14. gxf5
Bxf5 15. Nxe4 dxe4 16. Bc4+ Be6 17. Ne5 Bd5 18. Rhg1 Nd7 19. Nxd7 Qxd7 20. Rg3
Qe6 21. Bxd5 cxd5 22. Kb1 Rac8 23. Qd2 Rc7 24. Rc1 Rxc1+ 25. Qxc1 Rc8 26. Qd1
Qc6 27. Rg2 a5 28. h4 b5 29. a3 Rc7 30. Rg1 b4 31. axb4 axb4 32. Qb3 Qb5 33. h5
Kf7 34. Rd1 Kf6 35. Rg1 Kf5 36. Ka1 Ra7+ 37. Kb1 Qa5 38. Rd1 Kg5 39. Kc2 Kxh5
40. Rg1 Qb5 41. Kd2 Kh6 42. Rc1 Rf7 43. Rh1+ Kg6 44. Ke1 Qa5 45. Kf1 Qa6+ 46.
Kg2 Qe2 0-1

[Event "DEM U16w 2008"]
[Site "Willingen GER"]
[Date "2008.05.15"]
[Round "7"]
[White "Frey, Alisa"]
[Black "Smolkina, Milana"]
[Result "1/2-1/2"]
[Termination "normal"]
[Board "3"]
[WhiteElo "1906"]
[BlackElo "1871"]
[PlyCount "150"]
[WhiteFideId "24634662"]
[BlackFideId "24618780"]
[EventCountry "GER"]
[EventRounds "9"]
[EventType "swiss"]
[EventDate "2008.05.10"]

1. e4 c5 2. Nf3 d6 3. d4 cxd4 4. Nxd4 Nf6 5. Nc3 g6 6. Be3 Bg7 7. f3 O-O 8. Qd2
Nc6 9. O-O-O d5 10. exd5 Nxd5 11. Nxc6 bxc6 12. Bd4 e5 13. Bc5 Be6 14. Ne4 Re8
15. h4 h6 16. g4 Qc7 17. g5 h5 18. Qf2 Red8 19. Bc4 Qb7 20. Rd3 Nf4 21. Rb3 Qc7
22. Bxe6 Nxe6 23. Ba3 Rd5 24. Rd1 Rad8 25. Rxd5 cxd5 26. Nc5 Nxc5 27. Bxc5 d4
28. Bb4 a5 29. Be1 a4 30. Rd3 Rb8 31. Qd2 Qb6 32. b4 Qe6 33. Kb1 Bf8 34. a3 Bg7
35. Qe2 Rc8 36. Bd2 Qc4 37. Bc1 Qc6 38. Bb2 Qc4 39. Rd2 Qxe2 40. Rxe2 Kf8 41.
Re4 Rd8 42. f4 Rd5 43. c4 dxc3 44. Bxc3 exf4 45. Bxg7+ Kxg7 46. Rxf4 Rd3 47.
Kb2 Rh3 48. b5 Rb3+ 49. Kc2 Rxb5 50. Rxa4 Rf5 51. Rd4 f6 52. Rd7+ Kf8 53. gxf6
Rxf6 54. Rd4 Rf5 55. Kc3 g5 56. hxg5 Rxg5 57. Rd8+ Ke7 58. Rh8 Rg3+ 59. Kb4
Rg4+ 60. Kb5 Rg5+ 61. Kb6 Rg6+ 62. Kb7 Rg3 63. a4 Ra3 64. Ra8 h4 65. a5 h3 66.
a6 h2 67. Rh8 Rb3+ 68. Kc6 Ra3 69. Kb6 Rb3+ 70. Ka5 Ra3+ 71. Kb5 Ra2 72. Rh7+
Kd8 73. a7 Rxa7 74. Rh8+ Kc7 75. Rxh2 Kd6 1/2-1/2

[Event "DEM U16w 2008"]
[Site "Willingen GER"]
[Date "2008.05.15"]
[Round "7"]
[White "Wild, Katharina"]
[Black "Mertens, Pauline"]
[Result "1/2-1/2"]
[Termination "normal"]
[Board "4"]
[WhiteElo "1882"]
[BlackElo "1908"]
[PlyCount "57"]
[WhiteFideId "24678015"]
[BlackFideId "24671959"]
[EventCountry "GER"]
[EventRounds "9"]
[EventType "swiss"]
[EventDate "2008.05.10"]

1. c4 e6 2. e4 c5 3. Nf3 d6 4. d4 cxd4 5. Nxd4 Nf6 6. Nc3 a6 7. Be2 Be7 8. O-O
Qc7 9. Be3 Nbd7 10. f3 O-O 11. Qd2 b6 12. Rfd1 Bb7 13. Rac1 Rac8 14. Bf1 Qb8
15. Qf2 Ba8 16. h3 Rfe8 17. Nb3 Nc5 18. Nd4 Bf8 19. Nc2 Red8 20. b4 Ncd7 21.
Na4 b5 22. cxb5 axb5 23. Nb6 Nxb6 24. Bxb6 Rd7 25. Na3 Rxc1 26. Rxc1 Rb7 27.
Rc6 Rd7 28. Rc1 Rb7 29. Rc6 1/2-1/2

[Event "DEM U16w 2008"]
[Site "Willingen GER"]
[Date "2008.05.15"]
[Round "7"]
[White "Mijatovic, Andrea"]
[Black "Stitterich, Nadine"]
[Result "1/2-1/2"]
[Termination "normal"]
[Board "5"]
[WhiteElo "1864"]
[BlackElo "1860"]
[PlyCount "89"]
[WhiteFideId "14514524"]
[BlackFideId "24676527"]
[EventCountry "GER"]
[EventRounds "9"]
[EventType "swiss"]
[EventDate "2008.05.10"]

1. e4 e5 2. Nf3 Nc6 3. d4 exd4 4. Nxd4 Bc5 5. Nxc6 bxc6 6. Bd3 Ne7 7. O-O O-O
8. Nc3 Bb7 9. Kh1 Ng6 10. Qh5 Bd4 11. Ne2 Bf6 12. f4 d6 13. e5 dxe5 14. fxe5
Qd5 15. Bf5 c5 16. Qh3 Bc8 17. Qg3 Bh4 18. Qe3 Bb7 19. Qh3 Bc8 20. Bf4 Bxf5 21.
Qxf5 Rae8 22. Nc3 Qb7 23. b3 Qc6 24. Rad1 f6 25. exf6 Bxf6 26. Qd5+ Qxd5 27.
Nxd5 Nxf4 28. Rxf4 Re2 29. Nxf6+ Rxf6 30. Rxf6 gxf6 31. h3 Rxc2 32. Rd8+ Kg7
33. Rd7+ Kg6 34. Rxc7 Rxa2 35. Rxc5 Rb2 36. Rc7 Rxb3 37. Rxa7 h5 38. Kg1 Rb2
39. Ra3 h4 40. Re3 Kg5 41. Kf1 Ra2 42. Re2 Rxe2 43. Kxe2 Kf4 44. Kf2 f5 45. Ke2
1/2-1/2

[Event "DEM U16w 2008"]
[Site "Willingen GER"]
[Date "2008.05.15"]
[Round "7"]
[White "Nguyen Minh, Thuy"]
[Black "Begeluri, Nino"]
[Result "0-1"]
[Termination "normal"]
[Board "6"]
[WhiteElo "1758"]
[BlackElo "1522"]
[PlyCount "88"]
[WhiteFideId "24672688"]
[EventCountry "GER"]
[EventRounds "9"]
[EventType "swiss"]
[EventDate "2008.05.10"]

1. e4 c5 2. Nf3 Nc6 3. d4 cxd4 4. Nxd4 e5 5. Nb5 d6 6. N1c3 a6 7. Na3 b5 8. Nd5
Nge7 9. c4 Nxd5 10. exd5 Nd4 11. Be3 Bd7 12. Bxd4 exd4 13. cxb5 axb5 14. Nc2
Be7 15. Be2 Qa5+ 16. b4 Qa4 17. O-O O-O 18. Qd2 Bf6 19. Nxd4 Rfe8 20. Bf3 Qa7
21. Rfd1 Rec8 22. Rab1 Bxd4 23. Qxd4 Qxd4 24. Rxd4 Rxa2 25. Re1 Rac2 26. Rde4
Rc1 27. h3 Rxe1+ 28. Rxe1 Kf8 29. Rb1 Rc3 30. Kh2 Ke7 31. Re1+ Kf6 32. Rb1 Bf5
33. Rb2 Rc2 34. Rxc2 Bxc2 35. Be2 Ba4 36. f4 Kf5 37. Bd3+ Kxf4 38. Bxh7 Ke5 39.
Bg8 f6 40. Kg3 Bb3 41. Kg4 Bxd5 42. Bxd5 Kxd5 43. Kf5 Kc4 44. Kg6 d5 0-1

[Event "DEM U16w 2008"]
[Site "Willingen GER"]
[Date "2008.05.15"]
[Round "7"]
[White "Kohm, Vanessa"]
[Black "Falke, Cynthia"]
[Result "1-0"]
[Termination "normal"]
[Board "7"]
[WhiteElo "1773"]
[BlackElo "1227"]
[PlyCount "121"]
[WhiteFideId "4674472"]
[BlackFideId "24600644"]
[EventCountry "GER"]
[EventRounds "9"]
[EventType "swiss"]
[EventDate "2008.05.10"]

1. d4 d5 2. c4 e6 3. Nc3 f5 4. Nf3 Nf6 5. Bf4 c6 6. e3 Bd6 7. Ne5 O-O 8. h3 Qe7
9. c5 Bc7 10. Be2 Ne4 11. Nxe4 fxe4 12. Qd2 b6 13. Rc1 bxc5 14. Rxc5 Bd6 15.
Nxc6 Nxc6 16. Rxc6 Bb4 17. Rc3 Bxc3 18. bxc3 Bd7 19. O-O a6 20. Rb1 Qd8 21. c4
Bc6 22. c5 Qd7 23. Rb6 a5 24. Bd6 Rfd8 25. Ba6 a4 26. Qe2 h6 27. Qg4 Kh7 28.
Be5 Rg8 29. h4 Qe8 30. Bb7 Bxb7 31. Rxb7 Qg6 32. Qxg6+ Kxg6 33. Rb6 Rge8 34. c6
Rac8 35. c7 Kf7 36. Ra6 Ra8 37. Rb6 Rac8 38. Rb7 Kg8 39. Kf1 g6 40. Ke2 Rf8 41.
Bd6 Rfe8 42. Kd2 Ra8 43. Kc3 Rec8 44. Kb4 Kf7 45. Kb5 Ke8 46. Kb6 Kd7 47. Be5
a3 48. Kb5 h5 49. Rb6 Ra7 50. f3 exf3 51. gxf3 Rg8 52. e4 dxe4 53. fxe4 Rf8 54.
Rb8 Ra8 55. Kb6 Rc8 56. Kb7 Ra4 57. Bd6 Kxd6 58. Kxc8 Rc4 59. Rb7 Ke7 60. Kb8
Kf6 61. c8=Q 1-0

[Event "DEM U16w 2008"]
[Site "Willingen GER"]
[Date "2008.05.15"]
[Round "7"]
[White "Dorn, Carina"]
[Black "Schöbel, Ulrike"]
[Result "0-1"]
[Termination "normal"]
[Board "8"]
[WhiteElo "1782"]
[BlackElo "1258"]
[PlyCount "46"]
[WhiteFideId "24666335"]
[EventCountry "GER"]
[EventRounds "9"]
[EventType "swiss"]
[EventDate "2008.05.10"]

1. d4 f5 2. Nc3 Nf6 3. Bg5 e6 4. e4 Be7 5. Bxf6 Bxf6 6. Nf3 O-O 7. Bd3 Be7 8.
Qe2 c6 9. e5 d5 10. exd6 Qxd6 11. O-O-O Nd7 12. Kb1 Bf6 13. Rhe1 Nb6 14. h3 Nd5
15. Nxd5 exd5 16. Ne5 a5 17. Qh5 g6 18. Nxg6 hxg6 19. Qxg6+ Kh8 20. Qh6+ Kg8
21. Re3 Qc7 22. Rg3+ Bg7 23. Re1 Qxg3 0-1

[Event "DEM U16w 2008"]
[Site "Willingen GER"]
[Date "2008.05.15"]
[Round "7"]
[White "Blübaum, Johanna"]
[Black "Hohmann, Louisa"]
[Result "1-0"]
[Termination "normal"]
[Board "9"]
[WhiteElo "1868"]
[BlackElo "1751"]
[PlyCount "111"]
[WhiteFideId "24647373"]
[EventCountry "GER"]
[EventRounds "9"]
[EventType "swiss"]
[EventDate "2008.05.10"]

1. d4 d5 2. c4 c6 3. Nc3 Nf6 4. e3 e6 5. Nf3 Nbd7 6. Bd3 dxc4 7. Bxc4 b5 8. Bd3
a6 9. e4 c5 10. d5 Qc7 11. O-O Bb7 12. Re1 Be7 13. dxe6 fxe6 14. Ng5 Qc6 15.
Bf4 h6 16. Nf3 O-O-O 17. Qe2 g5 18. Ne5 Qc7 19. Bxb5 gxf4 20. Bxd7+ Nxd7 21.
Nf7 f3 22. Qc4 Qf4 23. Qxe6 Rdf8 24. Rad1 Qxf7 25. Qxd7+ Kb8 26. Nd5 Bxd5 27.
exd5 fxg2 28. Re2 Bh4 29. Qxf7 Rxf7 30. Kxg2 Rg8+ 31. Kf1 Rfg7 32. Re6 Rf8 33.
Rd2 Rgf7 34. Ree2 Kc7 35. b3 Bg5 36. Rd3 Bf4 37. h3 Bd6 38. Rde3 Rf3 39. Kg2
R3f5 40. Rd3 Rg5+ 41. Kf1 Rfg8 42. Re4 Rg1+ 43. Ke2 Ra1 44. Ra4 Kb6 45. Re3
Rgg1 46. Re6 Rge1+ 47. Kf3 Rxe6 48. dxe6 Re1 49. Re4 Rxe4 50. Kxe4 Kc6 51. f4
Bf8 52. Kf5 Kd6 53. Kf6 a5 54. Kf7 a4 55. f5 axb3 56. axb3 1-0

[Event "DEM U16w 2008"]
[Site "Willingen GER"]
[Date "2008.05.15"]
[Round "7"]
[White "Wisheckel, Lena"]
[Black "Niemeyer, Sarah"]
[Result "0-1"]
[Termination "normal"]
[Board "10"]
[WhiteElo "1702"]
[BlackElo "1649"]
[PlyCount "100"]
[WhiteFideId "24691992"]
[BlackFideId "24692000"]
[EventCountry "GER"]
[EventRounds "9"]
[EventType "swiss"]
[EventDate "2008.05.10"]

1. e4 c5 2. Nf3 d6 3. Bb5+ Bd7 4. Bxd7+ Qxd7 5. O-O Nf6 6. Qe2 e6 7. c3 Be7 8.
d4 O-O 9. e5 Nd5 10. dxc5 dxc5 11. c4 Nb6 12. Rd1 Qc7 13. b3 Nc6 14. Bb2 Rfd8
15. Nbd2 Rd7 16. Ne4 Rad8 17. Rxd7 Qxd7 18. Re1 Nc8 19. Qd2 Qxd2 20. Nexd2 Nd4
21. Nxd4 cxd4 22. Nf3 Bc5 23. Rd1 Ne7 24. a3 a5 25. Ng5 Nc6 26. Ne4 Ba7 27. Nd6
Nxe5 28. Nxb7 Rd7 29. Nxa5 Bb6 30. b4 Bxa5 31. bxa5 Nc6 32. Bc3 e5 33. Bb4 Ra7
34. Kf1 Nxa5 35. c5 Nc6 36. Ke2 e4 37. f3 f5 38. g4 g6 39. h3 Kf7 40. g5 Ke6
41. fxe4 fxe4 42. Rf1 Rf7 43. Rxf7 Kxf7 44. h4 Ke6 45. Kf2 Kd5 46. Ke2 Ke5 47.
Kd2 Kf4 48. Ke2 d3+ 49. Kf2 e3+ 50. Ke1 Kg4 0-1

[Event "DEM U16w 2008"]
[Site "Willingen GER"]
[Date "2008.05.15"]
[Round "7"]
[White "Lingl, Xenia"]
[Black "Sonnhalter, Stella"]
[Result "1/2-1/2"]
[Termination "normal"]
[Board "11"]
[WhiteElo "1633"]
[BlackElo "1530"]
[PlyCount "40"]
[BlackFideId "4624815"]
[EventCountry "GER"]
[EventRounds "9"]
[EventType "swiss"]
[EventDate "2008.05.10"]

1. e4 c5 2. Nc3 Nc6 3. d3 g6 4. Be3 d6 5. d4 cxd4 6. Bxd4 Nxd4 7. Qxd4 Nf6 8.
e5 dxe5 9. Bb5+ Bd7 10. Qxe5 a6 11. Bxd7+ Qxd7 12. Rd1 Qc6 13. Nf3 Bg7 14. Nd5
Nxd5 15. Qxg7 Qf6 16. Qxf6 Nxf6 17. O-O O-O 18. Rfe1 e6 19. Rd6 Rac8 20. Re2
Rfd8 1/2-1/2

[Event "DEM U16w 2008"]
[Site "Willingen GER"]
[Date "2008.05.15"]
[Round "7"]
[White "Kinzel, Tiffany"]
[Black "Velina, Valeria"]
[Result "0-1"]
[Termination "normal"]
[Board "12"]
[WhiteElo "1659"]
[BlackElo "1565"]
[PlyCount "174"]
[WhiteFideId "4633741"]
[BlackFideId "24677345"]
[EventCountry "GER"]
[EventRounds "9"]
[EventType "swiss"]
[EventDate "2008.05.10"]

1. Nc3 d5 2. e4 c6 3. f4 dxe4 4. Nxe4 Nf6 5. Nf2 Qc7 6. g3 g6 7. Bg2 Bg7 8. Nf3
O-O 9. O-O c5 10. b3 Nd5 11. Rb1 Rd8 12. Qe2 Bf5 13. Ne4 Nb4 14. c3 Nd3 15. Bb2
Nc6 16. Ne1 Nxb2 17. Rxb2 b6 18. g4 Bc8 19. f5 a5 20. Qe3 Rb8 21. Qh3 Ne5 22.
Rb1 Ba6 23. Rf2 b5 24. Rd1 b4 25. c4 Nd7 26. Rf1 a4 27. Nf3 Ne5 28. Nh4 Rd3 29.
Nf3 axb3 30. fxg6 fxg6 31. axb3 Rxb3 32. Neg5 h6 33. Ne6 Qc8 34. g5 Bxc4 35.
Nxg7 Qxh3 36. Bxh3 Bxf1 37. Be6+ Kxg7 38. gxh6+ Kxh6 39. Nxe5 Ra3 40. Rxf1 Rb6
41. Bc4 b3 42. Bd3 Ra2 43. Nc4 Rb7 44. Kg2 b2 45. Rb1 Rb3 46. Be2 Kg5 47. Bf3
Kf4 48. Bd5 Rd3 49. Rf1+ Kg5 50. Be6 Ra1 51. Nxb2 Rxd2+ 52. Rf2 Rxf2+ 53. Kxf2
Ra6 54. Bc4 Rd6 55. Kg3 Rd4 56. Bf1 Rb4 57. Nd3 Rb3 58. Kg2 c4 59. Nc5 Rb2+ 60.
Kg3 c3 61. Ne4+ Kf5 62. Nxc3 Rb3 63. Bd3+ Ke5 64. Bxg6 Rxc3+ 65. Kg4 Kf6 66.
Be4 Rc4 67. Kf3 Kg5 68. Bd5 Rc3+ 69. Kg2 Re3 70. Kf2 Re5 71. Bf3 Ra5 72. Kg3
Ra7 73. h4+ Kh6 74. Kg4 Ra4+ 75. Kg3 e5 76. Bc6 Rc4 77. Bd5 Rd4 78. Bc6 Rd6 79.
Bb7 Kh5 80. Bf3+ Kh6 81. Be4 Rd4 82. Bc6 Rb4 83. Bd5 e4 84. Kf4 Rd4 85. Bxe4
Kh5 86. Ke3 Rb4 87. Bf3+ Kxh4 0-1

[Event "DEM U16w 2008"]
[Site "Willingen GER"]
[Date "2008.05.15"]
[Round "7"]
[White "Rolfs, Rebecca"]
[Black "Micklich, Rahel"]
[Result "0-1"]
[Termination "normal"]
[Board "13"]
[WhiteElo "1215"]
[BlackElo "1786"]
[PlyCount "94"]
[WhiteFideId "24658219"]
[BlackFideId "24639184"]
[EventCountry "GER"]
[EventRounds "9"]
[EventType "swiss"]
[EventDate "2008.05.10"]

1. e4 c5 2. Nc3 a6 3. Nf3 d6 4. g3 Nc6 5. Bg2 g6 6. O-O Bg7 7. d3 e6 8. Be3 Qb6
9. Qc1 Nd4 10. Bxd4 cxd4 11. Ne2 Bh6 12. Qb1 Bg7 13. c3 dxc3 14. bxc3 Qa5 15.
d4 Ne7 16. Qb2 O-O 17. Rab1 b5 18. Nd2 Bb7 19. Qc2 Rac8 20. Rfd1 Nc6 21. Qb3
Qc7 22. Rbc1 Na5 23. Qb4 Bh6 24. Rc2 Nc4 25. Nxc4 Qxc4 26. Qxc4 Rxc4 27. Rb1
Rfc8 28. Rbb2 b4 29. d5 Ba8 30. Bf3 Bg7 31. Rb3 Bxc3 32. Nxc3 Rxc3 33. Rbxc3
Rxc3 34. Rxc3 bxc3 35. Bd1 exd5 36. exd5 Bxd5 37. Bc2 Bxa2 38. Kf1 Bc4+ 39. Ke1
d5 40. f3 d4 41. Kd1 Kg7 42. g4 Kf6 43. h4 Ke5 44. h5 Kf4 45. Be4 d3 46. Kc1
d2+ 47. Kc2 Be2 0-1

[Event "DEM U16w 2008"]
[Site "Willingen GER"]
[Date "2008.05.16"]
[Round "8"]
[White "Smolkina, Milana"]
[Black "Penne, Bo"]
[Result "1/2-1/2"]
[Termination "normal"]
[Board "1"]
[WhiteElo "1871"]
[BlackElo "1854"]
[PlyCount "75"]
[WhiteFideId "24618780"]
[BlackFideId "24642193"]
[EventCountry "GER"]
[EventRounds "9"]
[EventType "swiss"]
[EventDate "2008.05.10"]

1. e4 e6 2. d4 d5 3. Nc3 Bb4 4. e5 c5 5. a3 Bxc3+ 6. bxc3 Ne7 7. Qg4 O-O 8. Bd3
f5 9. exf6 Rxf6 10. Bg5 Rf7 11. Qh5 g6 12. Qd1 Nbc6 13. Nf3 Qf8 14. O-O c4 15.
Be2 h6 16. Bc1 Qg7 17. a4 g5 18. h3 Bd7 19. Nh2 Ng6 20. Bh5 Kh7 21. Nf3 Rf6 22.
Re1 Re8 23. Ba3 Rg8 24. Bd6 Nf4 25. Ne5 Nxh5 26. Qxh5 Nxe5 27. Bxe5 Qg6 28.
Qxg6+ Rfxg6 29. Re3 Rc8 30. a5 Rc6 31. Rb1 Bc8 32. Rf3 Kg8 33. g4 Ra6 34. Kf1
Rxa5 35. Bd6 Kh7 36. Be5 Kg8 37. Bd6 Kh7 38. Be5 1/2-1/2

[Event "DEM U16w 2008"]
[Site "Willingen GER"]
[Date "2008.05.16"]
[Round "8"]
[White "Begeluri, Nino"]
[Black "Endress, Anna"]
[Result "0-1"]
[Termination "normal"]
[Board "2"]
[WhiteElo "1522"]
[BlackElo "2038"]
[PlyCount "88"]
[BlackFideId "24629472"]
[EventCountry "GER"]
[EventRounds "9"]
[EventType "swiss"]
[EventDate "2008.05.10"]

1. e4 c5 2. Nf3 Nc6 3. d4 cxd4 4. Nxd4 Qb6 5. Nxc6 bxc6 6. Nc3 e5 7. Bc4 Nf6 8.
O-O Be7 9. Qf3 O-O 10. Bb3 d6 11. Bg5 Rd8 12. Bxf6 Bxf6 13. Rad1 Ba6 14. Rfe1
Rd7 15. Ne2 Qd8 16. c4 Rb8 17. Rd3 Qe7 18. Ng3 g6 19. Red1 Rbd8 20. Qe3 Bg5 21.
Qe1 Qe6 22. Qc3 Kh8 23. a3 Bh6 24. Ba2 f5 25. Rf3 fxe4 26. Nxe4 Rf8 27. Rxf8+
Bxf8 28. b3 Kg8 29. Qd2 Bc8 30. b4 Qf5 31. Bb1 Qe6 32. Ba2 Kh8 33. Nc3 Qg4 34.
Qe3 Bg7 35. f3 Qe6 36. Qe4 Bb7 37. Qe3 Qe7 38. Qxa7 e4 39. Nxe4 d5 40. Nc5 Qe3+
41. Kh1 Re7 42. Qb8+ Re8 43. Qg3 Bh6 44. h3 Bf4 0-1

[Event "DEM U16w 2008"]
[Site "Willingen GER"]
[Date "2008.05.16"]
[Round "8"]
[White "Mertens, Pauline"]
[Black "Frey, Alisa"]
[Result "0-1"]
[Termination "normal"]
[Board "3"]
[WhiteElo "1908"]
[BlackElo "1906"]
[PlyCount "146"]
[WhiteFideId "24671959"]
[BlackFideId "24634662"]
[EventCountry "GER"]
[EventRounds "9"]
[EventType "swiss"]
[EventDate "2008.05.10"]

1. e4 e5 2. Bc4 Nf6 3. d3 Nc6 4. Nf3 Be7 5. c3 O-O 6. Nbd2 d6 7. Bb3 Na5 8. Bc2
c5 9. Nf1 Nc6 10. Ng3 d5 11. exd5 Nxd5 12. O-O Re8 13. Re1 Bf8 14. h3 f6 15.
Be3 Be6 16. Qe2 Qb6 17. Bb3 Rad8 18. Rad1 Nxe3 19. Bxe6+ Rxe6 20. fxe3 Red6 21.
Nf5 R6d7 22. Rf1 Qa6 23. a3 e4 24. Nd2 Ne5 25. Nxe4 Nxd3 26. Qc2 Qe6 27. Nfg3
c4 28. Kh2 Qb6 29. Rb1 Qxe3 30. Rf3 Qb6 31. Nh5 Kh8 32. Nhg3 Kg8 33. Nh5 Kh8
34. Nhg3 Qe6 35. Rbf1 Qb6 36. Rb1 Qe6 37. Rbf1 Kg8 38. Kh1 Qb6 39. Rb1 Rd5 40.
b3 cxb3 41. Rxb3 Rb5 42. Rxb5 Qxb5 43. c4 Qd7 44. Rxf6 Bxa3 45. Rf1 Be7 46. Rd1
Qd4 47. Nf5 Qxe4 48. Nxe7+ Qxe7 49. Rxd3 Rf8 50. Rd1 b6 51. Qa2 Kh8 52. Qa4 a5
53. Qb5 Qc5 54. Qxc5 bxc5 55. Ra1 Ra8 56. Ra4 Kg8 57. Kh2 Kf7 58. Kg3 Ke6 59.
Kf4 Ra6 60. Ke4 g5 61. h4 h6 62. g3 Ra8 63. hxg5 hxg5 64. Kd3 Ke5 65. Ke3 g4
66. Kd3 Rf8 67. Rxa5 Rf3+ 68. Ke2 Kd4 69. Ra8 Rxg3 70. Kf2 Rf3+ 71. Kg2 Kxc4
72. Ra4+ Kb3 73. Rxg4 Rf8 0-1

[Event "DEM U16w 2008"]
[Site "Willingen GER"]
[Date "2008.05.16"]
[Round "8"]
[White "Bochis, Julia"]
[Black "Wild, Katharina"]
[Result "1-0"]
[Termination "normal"]
[Board "4"]
[WhiteElo "1916"]
[BlackElo "1882"]
[PlyCount "31"]
[WhiteFideId "24647276"]
[BlackFideId "24678015"]
[EventCountry "GER"]
[EventRounds "9"]
[EventType "swiss"]
[EventDate "2008.05.10"]

1. e4 c6 2. d4 d5 3. f3 dxe4 4. fxe4 e5 5. Nf3 exd4 6. Bc4 Nf6 7. O-O Be7 8.
Ng5 O-O 9. Nxf7 Rxf7 10. Bxf7+ Kxf7 11. e5 Qb6 12. exf6 Bxf6 13. Qh5+ Kf8 14.
Qxh7 Be6 15. Bh6 Qc7 16. Rxf6+ 1-0